| 000 | 00369nam a22001697a 4500 | ||
|---|---|---|---|
| 005 | 20160701135447.0 | ||
| 008 | 160701b xxu||||| |||| 00| 0 eng d | ||
| 020 | _a978-93-5078-119-7 | ||
| 041 | _aeng | ||
| 082 | _b20602 | ||
| 100 |
_aSharma _93412 |
||
| 245 | _aPlant Pathology | ||
| 260 | _bRastogi | ||
| 300 | _a610 | ||
| 650 |
_aAgriculture _92837 |
||
| 942 | _cBK | ||
| 999 |
_c5096 _d5094 |
||